| 000 | 00762cam2a220024100 4500 | ||
|---|---|---|---|
| 001 | qce00862520 | ||
| 005 | 20190816105512.0 | ||
| 008 | 760701c19641948nyu 000 0 eng d | ||
| 010 | _a 59013024 | ||
| 035 | _a(Sirsi) r84226 | ||
| 035 | _a(QCAT)lss01303505 | ||
| 035 | _a(UPRA)qce00862520 | ||
| 040 | _dUPRA | ||
| 100 | 1 |
_aZukofsky, Louis, 1904-1978. _dZukofsky, Louis, 1904-1978. _6A44144.1 |
|
| 245 | 1 | 2 |
_aA test of poetry / _cLouis Zukofsky. |
| 260 |
_aNew York : _bJargon/Corinth Books, _c1964, c1948. |
||
| 500 | _a"Jargon 11." | ||
| 500 | _aPrinted wrappers. | ||
| 500 | _aFirst published in 1948. | ||
| 650 | 0 |
_aPoetry -- Collections. _xPoetry -- Collections. _6S34774.1 |
|
| 949 |
_aPN6101 _wlcc _i-117162 _mMAIN _tBOOK _lON-SHELF |
||
| 004 | 84226 | ||
| 999 |
_c89864 _d89864 |
||